[Event "Pan American-ch U18 Girls"]
[Site "San Jose"]
[Date "2017.07.02"]
[Round "3"]
[White "Patino Garcia, Corals"]
[Black "Romero Dongo, Antonella"]
[Result "1/2-1/2"]
[WhiteElo "1981"]
[BlackElo "1679"]
[PlyCount "91"]
[EventDate "2017.07.01"]
[EventType "swiss"]
[EventRounds "9"]
[EventCountry "CRI"]
[SourceTitle "EXT 2022"]
[Source "ChessBase"]
[SourceDate "2021.10.06"]
[SourceVersion "1"]
[SourceVersionDate "2021.10.06"]
[SourceQuality "1"]

1. d4 e6 2. g3 f5 3. Bg2 Nf6 4. c4 d5 5. Nc3 c6 6. Nh3 Be7 7. 0-0 Nbd7 8. Qc2 Nf8 9. Bf4 Ng6 10. Rad1 Nxf4 11. Nxf4 Bd6 12. Nd3 0-0 13. c5 Bc7 14. b4 Bd7 15. a4 Ne4 16. f3 Nxc3 17. Qxc3 a5 18. Rb1 axb4 19. Qxb4 Bc8 20. e4 f4 21. e5 fxg3 22. hxg3 Qg5 23. Kf2 Ba5 24. Qb2 Qd2+ 25. Qxd2 Bxd2 26. Nb2 Bc3 27. Rfd1 Bxb2 28. Rxb2 Rxa4 29. Rdd2 g5 30. Ra2 Rxa2 31. Rxa2 Bd7 32. Rb2 Rb8 33. Bf1 Bc8 34. Ra2 Kg7 35. Ke3 h6 36. Bd3 Bd7 37. Rb2 Kf7 38. Ba6 Bc8 39. Bd3 Ra8 40. f4 gxf4+ 41. gxf4 Ra1 42. Rh2 Kg7 43. Rg2+ Kf7 44. Rh2 Kg7 45. Rg2+ Kf7 46. Rh2 1/2-1/2

[Event "South America-ch U18 Girls 13th"]
[Site "Santiago de Chile"]
[Date "2016.12.02"]
[Round "2"]
[White "Montufar Berrios, Eymi Priscila"]
[Black "Romero Dongo, Antonella"]
[Result "0-1"]
[WhiteElo "1826"]
[BlackElo "1884"]
[PlyCount "106"]
[EventDate "2016.12.01"]
[EventType "swiss"]
[EventRounds "9"]
[EventCountry "CHI"]
[SourceTitle "EXT 2018"]
[Source "ChessBase"]
[SourceDate "2017.10.13"]
[SourceVersion "1"]
[SourceVersionDate "2017.10.13"]
[SourceQuality "1"]

1. e4 e6 2. d4 b6 3. Bd3 Bb7 4. Nf3 Nf6 5. e5 Ne4 6. 0-0 d5 7. Nbd2 c5 8. c3 Be7 9. Qe2 Nxd2 10. Nxd2 Nc6 11. dxc5 bxc5 12. f4 Qc7 13. Nf3 h6 14. f5 0-0-0 15. Bf4 Kb8 16. Bg3 Rdg8 17. c4 d4 18. Nd2 Re8 19. Nb3 Rhg8 20. fxe6 fxe6 21. Bg6 Rd8 22. Rad1 Rgf8 23. Bf7 Bc8 24. Kh1 Bg5 25. Bg6 Ne7 26. Be4 Nf5 27. Bxf5 Rxf5 28. Rfe1 Rdf8 29. Nc1 Be3 30. Nd3 Bb7 31. Rf1 Be4 32. Rxf5 exf5 33. Nf4 Bxf4 34. Bxf4 g5 35. Bg3 Qc6 36. Re1 Re8 37. Kg1 Rd8 38. h4 d3 39. Qd2 f4 40. Bh2 Re8 41. hxg5 hxg5 42. b4 Rxe5 43. b5 Qd7 44. Bxf4 gxf4 45. Qxf4 Qd4+ 46. Kh2 Kb7 47. Qf7+ Kb6 48. Qf6+ Kc7 49. Qg7+ Kd8 50. Qg8+ Re8 51. Qg5+ Kc7 52. Qg3+ Qd6 53. Qxd6+ Kxd6 0-1

[Event "South America-ch U18 Girls 13th"]
[Site "Santiago de Chile"]
[Date "2016.12.02"]
[Round "3"]
[White "Romero Dongo, Antonella"]
[Black "Toro Castaneda, Elizabeth"]
[Result "0-1"]
[WhiteElo "1884"]
[BlackElo "1882"]
[PlyCount "37"]
[EventDate "2016.12.01"]
[EventType "swiss"]
[EventRounds "9"]
[EventCountry "CHI"]
[SourceTitle "EXT 2018"]
[Source "ChessBase"]
[SourceDate "2017.10.13"]
[SourceVersion "1"]
[SourceVersionDate "2017.10.13"]
[SourceQuality "1"]

1. d4 d5 2. c4 c6 3. Nc3 Nf6 4. Nf3 e6 5. e3 Nbd7 6. Qc2 Bd6 7. Bd2 0-0 8. Bd3 b6 9. cxd5 cxd5 10. 0-0 Bb7 11. Rac1 Rc8 12. Qb3 Ne4 13. Be1 f5 14. Ne2 Rxc1 15. Nxc1 Rf6 16. Bb5 Rh6 17. Qa4 Bxh2+ 18. Nxh2 Qg5 19. Bxd7 0-1

[Event "Pan American-ch U18 Girls 27th"]
[Site "Montevideo"]
[Date "2016.07.29"]
[Round "7"]
[White "Romero Dongo, Antonella"]
[Black "Lara Santana, Maria"]
[Result "1-0"]
[WhiteElo "1837"]
[BlackElo "1681"]
[PlyCount "155"]
[EventDate "2016.07.25"]
[EventType "swiss"]
[EventRounds "9"]
[EventCountry "URU"]
[SourceTitle "EXT 2017"]
[Source "ChessBase"]
[SourceDate "2016.10.25"]
[SourceVersion "1"]
[SourceVersionDate "2016.10.25"]
[SourceQuality "1"]

1. d4 Nf6 2. Nc3 d5 3. Bg5 Nbd7 4. f3 e6 5. e3 Be7 6. Bd3 c5 7. Bb5 a6 8. Bxd7+ Bxd7 9. Nge2 Rc8 10. 0-0 0-0 11. Kh1 b5 12. a3 Qc7 13. dxc5 Qxc5 14. e4 Qd6 15. exd5 Nxd5 16. Nxd5 exd5 17. Bxe7 Qxe7 18. Nc3 Be6 19. Re1 Qd7 20. Ne2 f6 21. Nd4 Rfe8 22. Qd2 Bf7 23. Kg1 Qc7 24. Rxe8+ Rxe8 25. Re1 Rxe1+ 26. Qxe1 Qd7 27. Kf2 Qc7 28. Kg1 Qd7 29. c3 Kf8 30. Qe3 Kg8 31. Kf2 Kf8 32. h3 Kg8 33. Qf4 Qd8 34. Nb3 Qb6+ 35. Qe3 Qd6 36. Qc5 Qd8 37. Qc6 Be8 38. Qxa6 Qe7 39. Nd4 Qd7 40. Qe6+ Qxe6 41. Nxe6 Kf7 42. Nf4 Bc6 43. Ke3 g5 44. Ne2 Bd7 45. f4 Ke7 46. Nd4 h5 47. Nf3 g4 48. hxg4 Bxg4 49. Nd4 Bd7 50. b4 Kd6 51. Kf3 Ke7 52. Kg3 Be8 53. Kh4 Kd6 54. Nf5+ Kc7 55. Ng7 Bc6 56. Nxh5 d4 57. cxd4 Bxg2 58. Nxf6 Kd6 59. Kg5 Bf1 60. Kg6 Bd3+ 61. Kg5 Ke6 62. d5+ Kd6 63. Kh4 Ke7 64. Ng4 Kd6 65. Ne3 Be4 66. Kg5 Bf3 67. Kf6 Bxd5 68. Nxd5 Kxd5 69. Ke7 Kc4 70. f5 Kb3 71. f6 Kxa3 72. f7 Kxb4 73. f8Q Ka3 74. Qf1 b4 75. Qb1 b3 76. Kd6 b2 77. Kc5 Ka4 78. Qa2# 1-0

[Event "Pan American-ch U18 Girls 27th"]
[Site "Montevideo"]
[Date "2016.07.27"]
[Round "4"]
[White "Romero Dongo, Antonella"]
[Black "Virkud, Apurva"]
[Result "0-1"]
[WhiteElo "1837"]
[BlackElo "1913"]
[PlyCount "118"]
[EventDate "2016.07.25"]
[EventType "swiss"]
[EventRounds "9"]
[EventCountry "URU"]
[SourceTitle "EXT 2017"]
[Source "ChessBase"]
[SourceDate "2016.10.25"]
[SourceVersion "1"]
[SourceVersionDate "2016.10.25"]
[SourceQuality "1"]

1. c4 e6 2. Nc3 d5 3. d3 Nf6 4. Bg5 Be7 5. Nf3 c6 6. g3 Nbd7 7. Bg2 0-0 8. 0-0 Ng4 9. Bxe7 Qxe7 10. Qc2 Nde5 11. b3 Rd8 12. Rfd1 Nxf3+ 13. Bxf3 Nf6 14. Rab1 e5 15. cxd5 cxd5 16. Rbc1 Bf5 17. Bg2 d4 18. Na4 Rac8 19. Qd2 b6 20. Rxc8 Rxc8 21. Rc1 Qd7 22. Rc2 h6 23. Qc1 Rxc2 24. Qxc2 Bh3 25. Nb2 Bxg2 26. Kxg2 Qf5 27. h3 Nd5 28. Qc6 Nc3 29. e4 dxe3 30. fxe3 Nxa2 31. Qa8+ Kh7 32. Qxa7 Nc3 33. g4 Qe6 34. Qa3 Qd5+ 35. e4 Qd4 36. Qa1 Ne2 37. Kf3 Nf4 38. Qc1 Nxh3 39. Qd2 Qg1 40. Qg2 Ng5+ 41. Kg3 Qe3+ 42. Kh2 Nf3+ 43. Kh3 Nd4+ 44. Qg3 Qxg3+ 45. Kxg3 b5 46. b4 Nc6 47. Kf3 Nxb4 48. Ke2 Nc6 49. Nd1 Nd4+ 50. Kf2 Kg6 51. Kg3 Kg5 52. Nb2 Nc2 53. Nd1 b4 54. Nf2 b3 55. Nd1 Ne3 56. Nxe3 b2 57. Nc4 b1Q 58. Nxe5 Qb8 59. d4 f6 0-1

[Event "American Continental (Women) 09th"]
[Site "Lima"]
[Date "2016.02.23"]
[Round "5"]
[White "Fernandez, Maria Florencia"]
[Black "Romero Dongo, Antonella"]
[Result "1-0"]
[WhiteElo "2264"]
[BlackElo "1781"]
[PlyCount "84"]
[EventDate "2016.02.20"]
[EventType "swiss"]
[EventRounds "9"]
[EventCountry "PER"]
[SourceTitle "CBM 171 Extra"]
[Source "ChessBase"]
[SourceDate "2016.04.26"]
[SourceVersion "1"]
[SourceVersionDate "2016.04.26"]
[SourceQuality "1"]

1. d4 e6 2. c4 b6 3. Nc3 Bb7 4. e4 Bb4 5. Bd3 Nf6 6. f3 c5 7. d5 Bxc3+ 8. bxc3 d6 9. Ne2 Nbd7 10. 0-0 0-0 11. f4 Re8 12. Ng3 Qc7 13. Qf3 Ba6 14. Bd2 exd5 15. exd5 Rad8 16. Nf5 Nf8 17. h4 Bc8 18. h5 Kh8 19. Be1 Bxf5 20. Bxf5 Qe7 21. Bf2 Qe2 22. Bh4 N8d7 23. h6 Qxf3 24. Rxf3 Nf8 25. hxg7+ Kxg7 26. Rg3+ Ng6 27. Bd3 Nh5 28. Rg4 Nf6 29. Rg3 Nh5 30. Rg4 Nf6 31. Bxf6+ Kxf6 32. Kf2 Rh8 33. Rh1 Rdg8 34. Rh6 Ke7 35. Kf3 Kf8 36. Rh3 Kg7 37. Rh5 Kf6 38. Rgg5 Ke7 39. Rh3 Kf8 40. Rgh5 Kg7 41. Rg3 Kf6 42. Bc2 Re8 1-0

[Event "American Continental (Women) 09th"]
[Site "Lima"]
[Date "2016.02.22"]
[Round "3"]
[White "Romero Dongo, Antonella"]
[Black "Heredia Serrano, Carla Sofia"]
[Result "0-1"]
[WhiteElo "1781"]
[BlackElo "2185"]
[PlyCount "133"]
[EventDate "2016.02.20"]
[EventType "swiss"]
[EventRounds "9"]
[EventCountry "PER"]
[SourceTitle "CBM 171 Extra"]
[Source "ChessBase"]
[SourceDate "2016.04.26"]
[SourceVersion "1"]
[SourceVersionDate "2016.04.26"]
[SourceQuality "1"]

1. e4 c6 2. d4 d5 3. e5 Bf5 4. f4 e6 5. Nf3 c5 6. Bd3 Nh6 7. Nc3 Nc6 8. Be3 Bg4 9. Bb5 Nf5 10. Qd2 Qb6 11. Bxc6+ bxc6 12. Na4 Qb5 13. b3 Bxf3 14. gxf3 cxd4 15. Bxd4 Be7 16. Nc3 Qa6 17. Ne2 c5 18. Bf2 0-0 19. 0-0 f6 20. Kh1 d4 21. Kg2 Rad8 22. Nc1 Rd5 23. Nd3 Bd8 24. Rfe1 Bc7 25. b4 c4 26. Nc5 Qc6 27. exf6 Rxf6 28. Re4 Rg6+ 29. Kh1 Bb6 30. Rg1 Rxg1+ 31. Kxg1 Bxc5 32. bxc5 Rxc5 33. Bxd4 Rd5 34. Qf2 Qd7 35. Bc3 Rd1+ 36. Re1 Qd5 37. Kg2 Rxe1 38. Qxe1 h6 39. Kf2 Qc5+ 40. Kg2 Qe3 41. Bd2 Nh4+ 42. Qxh4 Qxd2+ 43. Qf2 Qxf4 44. Qxa7 Qg5+ 45. Kh3 Qf5+ 46. Kg3 Qxc2 47. a4 c3 48. a5 Qg6+ 49. Kf2 Qc2+ 50. Kg3 Qb1 51. a6 Qe1+ 52. Qf2 Qe5+ 53. f4 Qa5 54. a7 c2 55. Qxc2 Qxa7 56. Qc8+ Kf7 57. Qc1 Qd4 58. h4 Qd3+ 59. Kg2 Qe4+ 60. Kg3 h5 61. Qd2 Qg6+ 62. Kh2 Qg4 63. Qf2 Kg6 64. Qc2+ Kf6 65. Qc3+ Kf5 66. Qc2+ Kxf4 67. Qc4+ 0-1

[Event "Lima Pre Continental (Women)"]
[Site "Lima"]
[Date "2015.12.19"]
[Round "4"]
[White "Chumpitaz Carbajal, Ann"]
[Black "Romero Dongo, Antonella"]
[Result "1-0"]
[WhiteElo "2269"]
[BlackElo "1717"]
[PlyCount "79"]
[EventDate "2015.12.17"]
[EventType "swiss"]
[EventRounds "9"]
[EventCountry "PER"]
[SourceTitle "CBM 170 Extra"]
[Source "ChessBase"]
[SourceDate "2016.02.25"]
[SourceVersion "1"]
[SourceVersionDate "2016.02.25"]
[SourceQuality "1"]

1. d4 c5 2. d5 g6 3. c4 Bg7 4. Nf3 d6 5. e4 Bg4 6. Be2 Nd7 7. 0-0 a6 8. a4 Bxf3 9. Bxf3 b6 10. Nc3 Ngf6 11. Be2 0-0 12. Ra3 Nb8 13. Kh1 Nfd7 14. Be3 a5 15. Qc1 Na6 16. Bh6 Nb4 17. Nd1 Re8 18. Bxg7 Kxg7 19. Rh3 Rh8 20. f4 Qf8 21. Qc3+ Kg8 22. Bg4 Rd8 23. e5 Qg7 24. Bxd7 Rxd7 25. Nf2 h5 26. Ne4 Rd8 27. Ng5 Rf8 28. Re3 Na6 29. Qb3 Rb8 30. exd6 exd6 31. Re7 Nb4 32. Rxf7 Qxf7 33. Nxf7 Kxf7 34. Qh3 Rhe8 35. Qd7+ Kg8 36. Qxd6 Kg7 37. h4 Nc2 38. f5 gxf5 39. Rxf5 Ne3 40. Qf6+ 1-0

[Event "Lima Pre Continental (Women)"]
[Site "Lima"]
[Date "2015.12.17"]
[Round "1"]
[White "Romero Dongo, Antonella"]
[Black "Paredes Bustamante, Paula Elizabeth"]
[Result "1-0"]
[WhiteElo "1717"]
[BlackElo "2150"]
[PlyCount "87"]
[EventDate "2015.12.17"]
[EventType "swiss"]
[EventRounds "9"]
[EventCountry "PER"]
[SourceTitle "CBM 170 Extra"]
[Source "ChessBase"]
[SourceDate "2016.02.25"]
[SourceVersion "1"]
[SourceVersionDate "2016.02.25"]
[SourceQuality "1"]

1. e4 c5 2. Nf3 e6 3. c3 Nf6 4. e5 Nd5 5. g3 Nc6 6. Bg2 d6 7. exd6 Bxd6 8. 0-0 0-0 9. d4 Nde7 10. Be3 cxd4 11. Nxd4 Nxd4 12. Qxd4 Nf5 13. Qd2 Nxe3 14. Qxe3 Qc7 15. Nd2 f5 16. Nb3 e5 17. Bd5+ Kh8 18. Rad1 a5 19. Rfe1 Ra6 20. Qd3 a4 21. Nd2 e4 22. Qc4 Qb6 23. Nf1 Bd7 24. Qd4 Bc5 25. Qd2 f4 26. gxf4 Bg4 27. Rb1 Rd8 28. b4 Qg6 29. bxc5 e3 30. Qxe3 Bf5+ 31. Ng3 Bxb1 32. Bxb7 Rf6 33. c6 Bf5 34. c7 Rdf8 35. Qe7 Bc8 36. Bxc8 Rxc8 37. Qd7 Rff8 38. f5 Qg4 39. Re4 Qg5 40. Re7 h5 41. h4 Qg4 42. Rf7 Rxf7 43. Qxc8+ Kh7 44. Qd8 1-0

[Event "South America-ch U16 Girls 12th"]
[Site "Santa Cruz"]
[Date "2015.12.04"]
[Round "4"]
[White "Monroy Garzon, Nataly Alejandra"]
[Black "Romero Dongo, Antonella"]
[Result "1-0"]
[WhiteElo "2050"]
[BlackElo "1717"]
[PlyCount "89"]
[EventDate "2015.12.02"]
[EventType "swiss"]
[EventRounds "9"]
[EventCountry "BOL"]
[SourceTitle "CBM 170 Extra"]
[Source "ChessBase"]
[SourceDate "2016.02.25"]
[SourceVersion "1"]
[SourceVersionDate "2016.02.25"]
[SourceQuality "1"]

1. c4 e6 2. d4 b6 3. Nf3 Bb7 4. a3 Nf6 5. Nc3 Be7 6. g3 Ne4 7. Bg2 Nxc3 8. bxc3 d6 9. 0-0 0-0 10. Re1 Be4 11. Bb2 Nc6 12. Qd2 f5 13. Rad1 h6 14. Qc1 Qe8 15. e3 Qg6 16. a4 a5 17. Ba3 Rf7 18. Qb2 Raf8 19. Qb5 Nb8 20. c5 dxc5 21. Ne5 Qh5 22. Nxf7 Qxf7 23. dxc5 Bxg2 24. Kxg2 Kh8 25. Qc4 Nc6 26. f4 e5 27. Qxf7 Rxf7 28. Rd7 bxc5 29. Rxc7 Nd8 30. Rd1 Ne6 31. Rc8+ Kh7 32. Rd7 Kg6 33. Rc6 Kf6 34. c4 e4 35. Bb2+ Kg6 36. Rxe6+ Kh7 37. Rexe7 Rxe7 38. Rxe7 Kg6 39. h4 Kh5 40. Re5 g6 41. Rxc5 g5 42. Rxa5 gxf4 43. Rxf5+ Kg6 44. Rxf4 h5 45. c5 1-0

[Event "South America-ch U16 Girls 12th"]
[Site "Santa Cruz"]
[Date "2015.12.03"]
[Round "3"]
[White "Romero Dongo, Antonella"]
[Black "Varela Varas, Patricia"]
[Result "1-0"]
[WhiteElo "1717"]
[BlackElo "1499"]
[PlyCount "75"]
[EventDate "2015.12.02"]
[EventType "swiss"]
[EventRounds "9"]
[EventCountry "BOL"]
[SourceTitle "CBM 170 Extra"]
[Source "ChessBase"]
[SourceDate "2016.02.25"]
[SourceVersion "1"]
[SourceVersionDate "2016.02.25"]
[SourceQuality "1"]

1. e4 e5 2. Nf3 Nc6 3. Bb5 a6 4. Bxc6 dxc6 5. d4 exd4 6. Qxd4 Qxd4 7. Nxd4 Bd7 8. Nc3 0-0-0 9. f3 Bc5 10. Nde2 Ne7 11. Bd2 f5 12. 0-0-0 Rhe8 13. Ng3 Rf8 14. exf5 Nxf5 15. Nge4 Be3 16. Rhe1 Bxd2+ 17. Rxd2 Rde8 18. Kd1 b6 19. Ke2 Nd6 20. Kf2 Nc4 21. Rd4 Ne5 22. h3 Bxh3 23. gxh3 Nxf3 24. Nd6+ Kd7 25. Rxe8 Rxe8 26. Kxf3 cxd6 27. Rf4 Re7 28. Ra4 a5 29. Rc4 Rf7+ 30. Rf4 Re7 31. a4 d5 32. Rh4 Rf7+ 33. Kg3 h6 34. Rf4 Re7 35. Kf3 Kd6 36. Ne2 c5 37. Ng3 d4 38. Nf5+ 1-0

[Event "San Borja Nombre de Jesus II"]
[Site "San Borja"]
[Date "2015.06.20"]
[Round "7"]
[White "Romero Dongo, Antonella"]
[Black "Mostacero Velarde, Isabella Maribel"]
[Result "1/2-1/2"]
[WhiteElo "1600"]
[BlackElo "1678"]
[PlyCount "114"]
[EventDate "2015.06.12"]
[EventType "swiss"]
[EventRounds "7"]
[EventCountry "PER"]
[SourceTitle "EXT 2024"]
[Source "ChessBase"]
[SourceDate "2023.10.10"]
[SourceVersion "1"]
[SourceVersionDate "2023.10.10"]
[SourceQuality "1"]

1. d4 d5 2. c4 c6 3. Nf3 Nf6 4. Nc3 a6 5. e3 Bg4 6. h3 Bxf3 7. Qxf3 e6 8. c5 b5 9. b4 a5 10. Ba3 Na6 11. bxa5 Qxa5 12. Bb2 Ne4 13. Rc1 Nxc3 14. Bxc3 Qxa2 15. Qd1 Qa4 16. Qxa4 bxa4 17. Ra1 Nc7 18. Bb4 Kd7 19. Bd3 Be7 20. Kd2 Rhb8 21. Rhb1 Bf6 22. f4 Nb5 23. Ra2 g6 24. Bc2 a3 25. Bd3 Kc8 26. Kc2 Bd8 27. Bxb5 Rxb5 28. Rxa3 Rab8 29. Rab3 f6 30. Be1 Rxb3 31. Rxb3 Rxb3 32. Kxb3 Kd7 33. Kc2 e5 34. fxe5 fxe5 35. Kd3 e4+ 36. Ke2 Kc8 37. g4 Kb7 38. Kd1 Ka6 39. Kc2 Kb5 40. Kb3 g5 41. Bf2 Bf6 42. Bg3 Be7 43. Bf2 Bd8 44. Bg3 Ba5 45. Bf2 Bd2 46. Kc2 Ba5 47. Kb3 Bd2 48. Kc2 Bb4 49. Kb3 Bd2 50. Kc2 Ba5 51. Kb3 Bd8 52. Bg3 Ba5 53. Bf2 Bd8 54. Bg3 Ba5 55. Bf2 Bb4 56. Bg3 Bd2 57. Bf2 Bb4 1/2-1/2

[Event "Lima Santisimo Nombre de Jesus"]
[Site "Lima"]
[Date "2015.05.29"]
[Round "5"]
[White "Salazar Gonzales, Rodrigo"]
[Black "Romero Dongo, Antonella"]
[Result "0-1"]
[WhiteElo "1417"]
[BlackElo "1719"]
[PlyCount "60"]
[EventDate "2015.05.22"]
[EventType "swiss"]
[EventRounds "8"]
[EventCountry "PER"]
[SourceTitle "EXT 2024"]
[Source "ChessBase"]
[SourceDate "2023.10.10"]
[SourceVersion "1"]
[SourceVersionDate "2023.10.10"]
[SourceQuality "1"]

1. e4 c5 2. Nc3 e6 3. Bc4 Nc6 4. d3 Nf6 5. Bg5 Be7 6. Nf3 h6 7. Bxf6 Bxf6 8. Qe2 Qc7 9. Nb5 Qb8 10. c3 a6 11. Na3 b5 12. Bb3 a5 13. Qe3 a4 14. Bc2 b4 15. Nb1 bxc3 16. Nxc3 Qxb2 17. Rb1 Qxc2 18. Rc1 Bxc3+ 19. Kf1 Qb2 20. g3 Nd4 21. Kg2 Nxf3 22. Kxf3 Bd2 23. Rb1 Qf6+ 24. Ke2 Bxe3 25. Kxe3 Qd4+ 26. Ke2 Ba6 27. Rbd1 f5 28. f3 fxe4 29. fxe4 Rb8 30. Rd2 Rf8 0-1

[Event "Lima Santisimo Nombre de Jesus"]
[Site "Lima"]
[Date "2015.05.23"]
[Round "3"]
[White "Balvin, Jorge"]
[Black "Romero Dongo, Antonella"]
[Result "1-0"]
[WhiteElo "1758"]
[BlackElo "1719"]
[PlyCount "125"]
[EventDate "2015.05.22"]
[EventType "swiss"]
[EventRounds "8"]
[EventCountry "PER"]
[SourceTitle "EXT 2024"]
[Source "ChessBase"]
[SourceDate "2023.10.10"]
[SourceVersion "1"]
[SourceVersionDate "2023.10.10"]
[SourceQuality "1"]

1. e4 e6 2. d3 d5 3. Nd2 c5 4. Ngf3 Nf6 5. g3 Nc6 6. Bg2 Be7 7. 0-0 0-0 8. Re1 Qc7 9. e5 Nd7 10. Qe2 b6 11. c4 d4 12. h4 Bb7 13. Nf1 h6 14. Bf4 Rfe8 15. N1h2 Qd8 16. h5 Rb8 17. Qd2 Kh7 18. b3 Rg8 19. Ng4 Bf8 20. Kh2 a6 21. Rh1 b5 22. Kg1 b4 23. Re1 a5 24. Ngh2 a4 25. g4 axb3 26. axb3 Ra8 27. g5 Ra3 28. Rb1 Na5 29. Qd1 Be7 30. g6+ fxg6 31. hxg6+ Kxg6 32. Ng4 h5 33. Ngh2 Kf7 34. Nf1 h4 35. Bc1 Ra2 36. Ne1 Bxg2 37. Nxg2 g5 38. Qh5+ Rg6 39. Qh7+ Rg7 40. Qh5+ Kg8 41. Qh6 Nf8 42. Qh5 Nc6 43. Nd2 Nxe5 44. Ne1 Bf6 45. Ne4 Nfd7 46. Kf1 Qf8 47. Rg1 Be7 48. Bxg5 Bxg5 49. Rxg5 Rxg5 50. Qxg5+ Qg7 51. Qd8+ Nf8 52. Qxh4 Nfd7 53. Qd8+ Qf8 54. Qxf8+ Kxf8 55. Kg2 Kf7 56. Kg3 Kg6 57. f4 Nc6 58. Nf3 Kf7 59. Nfg5+ Ke7 60. Rh1 Rb2 61. Rh7+ Ke8 62. Nxe6 Rxb3 63. Nd6# 1-0

[Event "Lima Santisimo Nombre de Jesus"]
[Site "Lima"]
[Date "2015.05.23"]
[Round "4"]
[White "Romero Dongo, Antonella"]
[Black "Mendoza Li, Alvaro"]
[Result "1-0"]
[WhiteElo "1719"]
[BlackElo "1476"]
[PlyCount "27"]
[EventDate "2015.05.22"]
[EventType "swiss"]
[EventRounds "8"]
[EventCountry "PER"]
[SourceTitle "EXT 2024"]
[Source "ChessBase"]
[SourceDate "2023.10.10"]
[SourceVersion "1"]
[SourceVersionDate "2023.10.10"]
[SourceQuality "1"]

1. e4 e5 2. Nf3 Nf6 3. d3 Nc6 4. Be3 Bb4+ 5. c3 Be7 6. Nbd2 d6 7. h3 h6 8. d4 exd4 9. Nxd4 d5 10. Bb5 Bc5 11. Nxc6 bxc6 12. Bxc6+ Bd7 13. Bxa8 Qxa8 14. Bxc5 1-0

[Event "South America-ch U16 Girls 11th"]
[Site "Montevideo"]
[Date "2014.09.09"]
[Round "3"]
[White "Quevedo, Andreina"]
[Black "Romero Dongo, Antonella"]
[Result "0-1"]
[WhiteElo "1632"]
[BlackElo "1619"]
[PlyCount "83"]
[EventDate "2014.09.08"]
[EventType "swiss"]
[EventRounds "9"]
[EventCountry "URU"]
[SourceTitle "EXT 2016"]
[Source "ChessBase"]
[SourceDate "2015.10.08"]
[SourceVersion "1"]
[SourceVersionDate "2015.10.08"]
[SourceQuality "1"]

1. e4 e6 2. d4 d5 3. Nd2 c5 4. exd5 Qxd5 5. dxc5 Bxc5 6. Ngf3 Nf6 7. Bc4 Qd6 8. 0-0 0-0 9. h3 Rd8 10. Qe2 Nc6 11. Ne4 Nxe4 12. Qxe4 Nd4 13. Nxd4 Bxd4 14. c3 Bf6 15. Bf4 Qb6 16. Rab1 Bd7 17. Rfe1 Bc6 18. Qc2 Rd7 19. Bd3 h6 20. Re3 Rad8 21. Rg3 Bh4 22. Be3 Qa5 23. Bh7+ Kh8 24. Rg4 Bxf2+ 25. Kxf2 f5 26. b4 Qb5 27. Bxf5 exf5 28. Rf4 Be4 29. Rxe4 fxe4 30. Qxe4 a6 31. Bd4 Qg5 32. Kg1 Re7 33. Qf3 Rde8 34. Kh2 Qd2 35. a4 Qa2 36. Rf1 Qxa4 37. Bc5 Re4 38. Qf7 Qc6 39. Bd4 R4e7 40. Qh5 b6 41. Rf4 Kg8 42. Rg4 0-1

[Event "Lima Santisimo op"]
[Site "Lima"]
[Date "2014.08.30"]
[Round "1"]
[White "Tacuche, Fernando"]
[Black "Romero Dongo, Antonella"]
[Result "1-0"]
[WhiteElo "2009"]
[BlackElo "1584"]
[PlyCount "69"]
[EventDate "2014.08.30"]
[EventType "swiss"]
[EventRounds "8"]
[EventCountry "PER"]
[SourceTitle "CBM 162 Extra"]
[Source "ChessBase"]
[SourceDate "2014.10.17"]
[SourceVersion "1"]
[SourceVersionDate "2014.10.17"]
[SourceQuality "1"]

1. e4 e6 2. d4 d5 3. Nd2 c5 4. exd5 Qxd5 5. Ngf3 Nc6 6. Bc4 Qd8 7. Nb3 cxd4 8. 0-0 Bd6 9. Nbxd4 Nxd4 10. Qxd4 Nf6 11. Bg5 Be7 12. Qh4 h6 13. Rad1 Qa5 14. Bd2 Qb6 15. Be3 Qxb2 16. Bd4 Qxc2 17. Bxf6 gxf6 18. Rd2 Qg6 19. Bd3 f5 20. Qa4+ Kf8 21. Rc1 Qg4 22. Rc4 Qg6 23. Rdc2 Kg7 24. Rc7 Bf6 25. Qf4 Qg4 26. Qc1 Rd8 27. Be2 Qe4 28. R7c4 Bd4 29. Nxd4 Rxd4 30. Bf3 Qe5 31. Rxc8 Rxc8 32. Rxc8 Qa5 33. Qc3 Qxc3 34. Rxc3 Ra4 35. Rc2 1-0